| 000 | 00948nam a2200253 a 4500 | ||
|---|---|---|---|
| 001 | 000017078 | ||
| 005 | 20200929165020.0 | ||
| 008 | 100317s1986 dr ac r 000 0 spa d | ||
| 040 |
_aDO-SdBNP _bspa _cBNPHU |
||
| 082 |
_a796 _bC348e |
||
| 100 | 1 |
_aCastellanos Díaz, Justo, _d1932- _937669 |
|
| 245 | 1 | 0 |
_aEvolución histórica del deporte / _cJusto Castellanos Díaz, prólogo Pedro Julio Santana. |
| 260 |
_aSanto Domingo : _bAlfa y Omega, _c1986. |
||
| 300 |
_a220 p. : _bil., retrs. ; _c22 cm. |
||
| 500 | _aIncluye datos biográficos del autor en las solapas. | ||
| 504 | _aBibliografía : p. 217. | ||
| 590 | _aInventariado, 2018/BT | ||
| 650 | 4 |
_aDeportes _xHistoria _937670 |
|
| 650 | 4 |
_aCrónica deportiva _96911 |
|
| 650 | 4 |
_aDiarios dominicanos _xSecciones, columnas, etc. _944 |
|
| 700 | 1 |
_aSantana, Pedro Julio, _epról. _937671 |
|
| 730 | 0 |
_aEl Nacional (República Dominicana) _923260 |
|
| 910 | _aValidado. Control de calidad. EMS | ||
| 999 |
_c16604 _d16604 |
||